Administrative situation: classification and strategies of solving
Modelové pojmy pre popis a klasifikáciu riadiacich situácií vyvinutých a špecializovaných vzhľadom na trhové podmienky. Analýza ich zdrojov a obsahu, ako aj elementárne cykly kontroly a stratégií pri riešení rozhodovacích problémov.
Salvato in:
| Autore principale: | |
|---|---|
| Altri autori: | , |
| Natura: | Capitolo di libro |
| Lingua: | inglese |
| Soggetti: | |
| Tags: |
Nessun Tag, puoi essere il primo ad aggiungerne!!
|
MARC
| LEADER | 00000naa a2200000 4500 | ||
|---|---|---|---|
| 001 | r043475 | ||
| 005 | 20230929064847.7 | ||
| 041 | 0 | |a eng | |
| 044 | |a SK | ||
| 245 | 1 | 0 | |a Administrative situation: classification and strategies of solving |c Leonid Vorobjev, Vladimír Gozora, Leonid Kazakevich |
| 520 | |a Modelové pojmy pre popis a klasifikáciu riadiacich situácií vyvinutých a špecializovaných vzhľadom na trhové podmienky. Analýza ich zdrojov a obsahu, ako aj elementárne cykly kontroly a stratégií pri riešení rozhodovacích problémov. | ||
| 610 | 2 | 0 | |a riadenie |
| 610 | 2 | 0 | |a modely |
| 610 | 2 | 0 | |a klasifikácia |
| 610 | 2 | 0 | |a rozhodovanie |
| 610 | 2 | 0 | |a metódy riadenia |
| 100 | 1 | |a Vorobjev, Leonid | |
| 700 | 1 | |a Gozora, Vladimír | |
| 700 | 1 | |a Kazakevich, Leonid | |